Podstata socialistického vědeckého řízení úloha stavebního podniku

Gespeichert in:
Bibliographische Detailangaben
1. Verfasser: Hácha, Jiří
Format: Buch
Sprache:Tschechisch
Veröffentlicht: Praha Dům techniky ČSVTS 1984
Schriftenreihe:Studijní texty
Tags: Tag hinzufügen
Keine Tags, Fügen Sie das erste Tag hinzu!

MARC

LEADER 00000nam a2200000 4500
001 c108220
005 20041019155140.8
041 0 |a cze 
044 |a CZ 
245 1 0 |a Podstata socialistického vědeckého řízení  |b úloha stavebního podniku 
264 1 |a Praha  |b Dům techniky ČSVTS  |c 1984 
300 |a 61 s. 
490 1 |a Studijní texty 
830 0 |a Studijní texty 
100 1 |a Hácha, Jiří